000 00459nam a2200193Ia 4500
003 0100
008 130303s9999 xx 000 0 und d
040 _cARRUPELIB
050 _aBL240.2.B36 1974
100 _aBarbour, Ian G.
245 _aMyths, models and paradigms
245 _bthe nature of scientific and religious language
260 _aLondon
260 _bSCM Press
260 _C1974
300 _a198p.
300 _b 22cm
942 0 0 _01
999 _c30398
_d30398